00408 2200169 4500001002100000008004100021035002000062082000800082084001400090100001600104245003400120250000600154260004000160300001200200650001400212990001200226INLIS000000000001086 ind  a0010-0524000321 a100 a100 SUR s aAlam, Surya aSalah Itu Keren !cSurya Alam a1 aJakarta :bTransmedia Pustakac2014 a168 hlm aNon Fiksi a0744064